You Choose Trivia Quiz Stats

 Plays Quiz Updated Dec 10, 2018

     
Support Sporcle.
Go Orange.
Score 0/45 Timer 08:00
7 Plays Today
Question Answer % Correct
 
US States
 
???
100%
 
Wimbledon
 
???
100%
 
Harry Potter
 
???
100%
 
British Monarchs
 
???
100%
 
Academy Awards
 
???
100%
 
US Presidents
 
???
100%

The Olympics
 
???
100%

Shakespeare
 
???
100%

Friends
 
???
100%

The Periodic Table
 
???
100%
 
Ancient Greece
 
???
100%
 
Canada
 
???
100%

The Human Body
 
???
100%
 
Chess
 
???
100%
 
The Beatles
 
???
99.3%
How many
chambers are there in the human
heart?
???
81.8%
Who was the
King of the Gods in Greek
mythology?
???
79.8%
Which element
has the chemical symbol Fe, from
the Latin 'ferrum'?
???
77.6%
In which US city
was John Lennon assassinated in
1980?
???
76.8%
Which US
state is known as the Bluegrass
State?
???
74.4%
Which chess piece
is limited to diagonal moves
only?
???
73.8%
Which US President proposed a 'New Deal for the American People' in
1932?
???
72.5%
Which Shakespeare play
is often called 'the Scottish Play' by
actors?
???
69.2%
Question Answer % Correct
Who became monarch upon the death of her father in February
1952?
???
66.2%
The name of which Canadian province comes from the Latin for
'New Scotland'?
???
65.4%
Who won their first
Academy Award for Best Actor for
'Philadelphia'?
???
64.4%
What is the name
of the café in New York that the six
friends frequent?
???
64.3%
What is the only city to have hosted the Olympic Games on three
occasions?
???
62.3%
Who portrayed
Professor Severus Snape in the
Harry Potter movies?
???
60.5%
Who is famous for saying ''you cannot be serious'' during a
Wimbledon final?
???
56.4%
Which Greek philosopher was
sentenced to death by drinking
hemlock?
???
46.4%
In which television
soap opera did Joey portray Dr.
Drake Ramoray?
???
42%
Who was the
shortest-serving US President, in
office for only 32 days?
???
37.9%
What is the name
of Hermione Granger's cat in the
series?
???
36.8%
Which Shakespeare play features the
'play-within-a-play' 'The
Mousetrap'?
???
31.8%
In which organ
would one find the islets of
Langerhans?
???
24.6%
Edward VIII's proposal to which
American socialite caused his
abdication crisis?
???
24.6%
What was the first state to be
readmitted to the Union following the
Civil War?
???
23.8%
Which British drummer
is often referred to as 'the Fifth
Beatle'?
???
23.7%
Which Russian chemist is credited
with being the creator of the periodic
table?
???
21.7%
What is the name of the computer
that beat world champion Gary
Kasparov in 1997?
???
21%
Aside from lawn tennis,
which sport appears on the
Wimbledon logo?
???
17.6%
Who became the oldest person to win
an Oscar in any category in 2012,
aged 82?
???
13.6%
Which French explorer claimed
Canada for France in the 16th
century?
???
11.9%
Which country played host to the
1956 Equestrian events due to
Australian quarantine laws?
???
6.9%

From the Vault

Numbers in Music

by crow_t_robot

Music 4m
This gives new meaning to the term 'Musical Number".
Remove Ads.
Support Sporcle.
Get the best of Sporcle when you Go Orange. This ad-free experience offers more features, more stats, and more fun while also helping to support Sporcle. Thank you for becoming a member.

Show Comments

Extras

Top Quizzes Today


Score Distribution

Your Account Isn't Verified!

In order to create a playlist on Sporcle, you need to verify the email address you used during registration. Go to your Sporcle Settings to finish the process.

Report this User

Report this user for behavior that violates our Community Guidelines.

Details: